Language Quiz

Random Language or Letter Quiz

A-Z Word Beginnings Quiz Stats

Quiz Updated May 7, 2015

Also try: Alphabet Minefield
Challenge
Share
Tweet
Embed
Score 0/26 Timer 01:00
6 Plays Today
Ending Word % Correct
-larm???
86.1%
-njoy???
86.1%
-obot???
86%
-oday???
86%
-aybe???
85.8%
-ebra???
85.8%
-auce???
85.6%
-eird???
85.5%
-inja???
85.4%
-uice???
85.4%
-irst???
85.2%
-mage???
85%
-acht???
85%
Ending Word % Correct
-atex???
84.9%
-lond???
84.4%
-pper???
83.6%
-isit???
83.5%
-neel???
83.1%
-host???
83%
-roak???
82.8%
-abit???
82.6%
-xide???
81.8%
-ealt???
77.1%
-anel???
74.4%
-uery???
73.2%
-ylem???
41.1%

You're not logged in!

Compare scores with friends on all Sporcle quizzes.
Join for Free
OR
Log In

You Might Also Like...

Show Comments

Extras

Top Quizzes Today


Score Distribution

Your Account Isn't Verified!

In order to create a playlist on Sporcle, you need to verify the email address you used during registration. Go to your Sporcle Settings to finish the process.

Report this User

Report this user for behavior that violates our Community Guidelines.

Details: